| 000 | 00443nam a2200157Ia 4500 | ||
|---|---|---|---|
| 008 | 220204s9999 xx 000 0 und d | ||
| 082 |
_a581.17 _bGUN |
||
| 100 | _aGUNNING, B E S | ||
| 245 | 0 | _aIntercellular communication in plants: Studies on plasmodesmata | |
| 260 |
_aBerlin _bSpringer Verlag _c1976 |
||
| 650 | _aIntercellular communication | ||
| 650 | _aPhysiology | ||
| 650 | _aPlasmodesmata | ||
| 700 | _aROBARDS, A W | ||
| 942 | _cBK | ||
| 999 |
_c24043 _d24043 |
||